All About SNSD - Statistics

General Stats
  • This quiz has been taken 127 times
  • The average score is 9 of 15
Answer Stats
Hint Answer % Correct
Debut Song Into the New World
100%
5th oldest member according to age (OT9) Hyoyeon
87%
Her name means calm Taeyeon
79%
Which member is the only child Seohyun
74%
Which member was never in the center of Oh!'s dance choreography? Sunny
71%
If we arrange all members according to height, who is fifth? Tiffany
71%
How many studio albums did SNSD release? 9
65%
How many Golden Disk Awards Daesangs did the group win? (Digitan and Disk) 2
59%
Which song won Song of the Year in KBS Song Festival (2010) Oh!
57%
Jessica hates what food that has seeds on it cucumber
51%
Name of Taeyeon's newest dog Zero
46%
Sunny's real name Lee Sun Kyu
33%
What does Sooyoung's name mean in korean? Swim
30%
Official color of SNSD (specific shade) Pastel rose pink
15%
Tiffany's birthday August 5
14%
No matching quizzes found
Score Distribution
Percent of People with Each Score
Percentile by Number Answered
Your Score History
You have not taken this quiz